Reglamento del Ateneo Vilasanés de la Clase Obrera
Descripción Física:
16 p. ; 22 cm
MARC
| LEADER | 00000nam a2200000Ia 4500 | ||
|---|---|---|---|
| 001 | 20628 | ||
| 003 | BGR | ||
| 005 | 20260324180146.0 | ||
| 008 | 160829s1899 xx 000 0 cat d | ||
| 080 | |a 3393, exp. 8 | ||
| 110 | 2 | |a Ateneo Vilasanés de la Clase Obrera |9 70560 | |
| 245 | |a Reglamento del Ateneo Vilasanés de la Clase Obrera | ||
| 260 | |a Mataró : |b Establecimiento Tipográfico de F. Horta, |c 1899 | ||
| 300 | |a 16 p. ; |c 22 cm | ||
| 610 | 2 | 0 | |a Ateneo Vilasanés de la Clase Obrera |9 70560 |x Reglaments i procediments |
| 901 | |a Arxiu | ||
| 942 | |n 1 |2 udc |c MON | ||
| 952 | |0 0 |1 0 |4 0 |6 3393_EXP_8 |7 1 |9 54326 |a Arxiu |b Arxiu |d 2016-12-01 |l 0 |o 3393, exp. 8 |p 20628 |r 2016-12-01 00:00:00 |w 2016-12-01 |y ARXIU | ||
| 999 | |c 58195 |d 58195 | ||